00327nam a2200121Ia 4500008004100000041000800041082001600049100001900065245004500084260003900129300002400168365001300192240624s9999 xx 000 0 und d aeng a658.421 STR aSTROSS RANDALL aLAUNCH PAD INSIDE Y COMBINATOR SILICON V c2012aNew DelhibPortfolio Penguin a280 : p. : cm. ; 19 cRSb28.5